Remorse/ (Record no. 216452)

MARC details
000 -LEADER
fixed length control field 00474nam a22001937a 4500
005 - DATE AND TIME OF LATEST TRANSACTION
control field 20260602120406.0
010 ## - LCCN (DPL NO)
LC control number ENG-148688
020 ## - INTERNATIONAL STANDARD BOOK NUMBER
International Standard Book Number 9789395485968
Terms of availability 195.00
035 ## - SYSTEM CONTROL NUMBER
System control number EN-132220
037 ## - SOURCE OF ACQUISITION
Source of stock number/acquisition DBAD
082 ## - DEWEY DECIMAL CLASSIFICATION NUMBER
Classification number S
100 ## - MAIN ENTRY--PERSONAL NAME
Personal name Mathews, VJ
245 ## - TITLE STATEMENT
Title Remorse/
Statement of responsibility, etc VJ Mathews
250 ## - EDITION STATEMENT
Edition statement 1
260 ## - PUBLICATION, DISTRIBUTION, ETC. (IMPRINT)
Place of publication, distribution, etc Kerala
Name of publisher, distributor, etc Cosmo Books
Date of publication, distribution, etc 2025
270 ## - ADDRESS
City Kerala
Electronic mail address cosmobooks@asianetindia.com
300 ## - PHYSICAL DESCRIPTION
Extent 118p.
Other physical details Index
Dimensions 22cm(pb)
942 ## - ADDED ENTRY ELEMENTS (KOHA)
Source of classification or shelving scheme Dewey Decimal Classification
Item type English Books
Classification part S
Call number suffix MAT
Holdings
Withdrawn status Lost status Not for loan Collection code Home library Current library Date acquired Source of acquisition Cost, normal purchase price Full call number Barcode Copy number Cost, replacement price Koha item type
      Fiction R.K.Puram-8 R.K.Puram-8 02/06/2026 Delivery of Books Act Division 195.00 S MAT EN-132220 1 195.00 English Books

© Delhi Public Library
Hit Counter
free hit counter